000 00454cam a2200181ua 4500
001 3581
008 111118n ii |||gr||||Z||||||asm
040 _cMAIN
082 _a891.4513
100 1 _aDas, Jogesh,
_eAuthor.
245 1 1 _aNaresh, Maloti aru...
_cby Jogesh Das
250 _a1st.
260 _aKolkata:
_bBhawani publishing concern,977.
300 _a103p:
_c23cm.
653 _aAssamese novel
653 _aNaresh, Maloti aru...
942 _cBK
999 _c3422
_d3422